| 000 | 01184nam a2200241 i 4500 | ||
|---|---|---|---|
| 001 | 158509 | ||
| 003 | ES-MaACL | ||
| 005 | 20250809020500.0 | ||
| 008 | 931025s1726 sp |||| | spa d | ||
| 080 | _a26 | ||
| 100 | 1 |
_aMagro y Zurita, Santiago. _9129352 |
|
| 245 | 1 | 0 |
_aIndice de las proposiciones de las leyes de la recopilacion con remission a los DD que las tocan : _bautos acordados y pragmaticas hasta el año de mil setecientos y veinte y quatro... / _csu autor el Doctor Don Santiago Magro y Zurita, Colegial en el insigne de Malaga de la Universidad de Alcalá. |
| 260 |
_aEn Alcala : _ben la Imprenta de Joseph Espartosa, _c1726. |
||
| 300 |
_a[14], 613 p., [3] en bl. ; _cFol. |
||
| 530 | _aDisponible en formato digital. | ||
| 597 | _aSign.: [ ]2, 2[calderón]-3[calderón]2, 4[calderón]1, A-Z6, 2A-2Z6, 3A-3D6, 3E-3F2, 3G4. | ||
| 597 | _aTexto a dos col. | ||
| 597 | _aPort. con orla tip. | ||
| 650 | 7 |
_aDerecho- _zEspaña _2 _9141531 |
|
| 852 | 4 |
_aES-MaACL _jR-1104-07 _z- Enc. pasta española _xOlim: G-3572-75 |
|
| 856 |
_uhttp://bdh-rd.bne.es/viewer.vm?id=0000015606&page=1 _zBiblioteca Digital Hispánica |
||
| 999 |
_c158509 _d158509 |
||